000 00561cam a22002053a 4500
001 45099
003 PGUSA
005 20140828084030.0
008 140309s2014||||xxu|||||s|||||000 | eng d
040 _aPGUSA
_beng
042 _adc
100 1 _aSaki,
_d1870-1916
245 1 4 _aThe Rise of the Russian Empire
_h[electronic resource] /
_cSaki
260 _bProject Gutenberg,
_c2014
506 _aPublic domain in the USA.
516 _aElectronic text
830 0 _aProject Gutenberg
_v45099
856 4 0 _uhttp://www.gutenberg.org/ebooks/45099
942 _cEB
999 _c274350
_d274350